| 000 | 00368nam a2200109Ia 4500 | ||
|---|---|---|---|
| 008 | 160909s9999 xx 000 0 und d | ||
| 100 | _aBrown, Inga Kimberly | ||
| 245 | _aCommunicating with the spirit | ||
| 260 |
_bThe University of North Carolina at Greensboro. _c2016 |
||
| 650 | _aMULTIMEDIA ARTS | ||
| 856 | _uhttp://pqdtopen.proquest.com/doc/1795522433.html?FMT=ABS | ||
| 999 |
_c304283 _d304283 |
||